000 00482nmm a2200169Ia 4500
008 251105s9999||||xx |||||||||||||||||und||
020 _a9788497430852
041 _aspa
100 _aVisa Barbosa, Miquel
245 0 _aDalicedario :
_b Abecedario de Salvador Dalí
264 _a[Madrid, España] :
_bMilenio,
_c2010
300 _a216 páginas
490 _aEnsayo Milenio
650 _aArts in general
856 _uhttps://public.digitaliapublishing.com/a/6411
942 _cCF
999 _c90499
_d90499